Statistics for Geometry Dash Levels

Click here to take the quiz!

General Stats

  • This quiz has been taken 182 times
    (177 since last reset)
  • The average score is 20 of 25

Answer Stats

GameLevel Name% Correct
Geometry Dash LiteStereo Madness
97%
Geometry Dash LiteBack On Track
96%
Geometry Dash LiteDry Out
92%
Geometry Dash LitePolargeist
91%
Geometry Dash LiteBase After Base
90%
Geometry Dash LiteTime Machine
90%
Geometry Dash LiteCan't Let Go
89%
Geometry DashClubstep
89%
Geometry Dash LiteJumper
89%
Geometry Dash LiteCycles
88%
Geometry DashTheory Of Everything
88%
Geometry Dash LitexStep
88%
Geometry DashClutterfunk
87%
Geometry DashHexagon Force
86%
Geometry DashDeadlocked
85%
Geometry DashElectroman Adventures
85%
Geometry DashElectrodynamix
84%
Geometry DashTheory Of Everything 2
84%
Geometry DashBlast Processing
80%
Geometry DashGeometrical Dominator
77%
MeltdownThe Seven Seas
65%
MeltdownAirborne Robots
63%
MeltdownViking Arena
63%
Geometry Dash 2.1Fingerbang
55%
Unfinished LevelUltimate Destruction
33%

Score Distribution

Percentile by Number Answered

Percent of People with Each Score

Your Score History

You have not taken this quiz since the last reset